00775 2200181 4500245004300000020002200043250001100065100001400076700002300090650001700113005001900130260002600149041001400175084001100189300002700200500035700227336000900584 aMalioboro at MidnightcSkysphirehText a978-602-220-490-9 aCet. 3 aSkysphire aNomena Titi Sandra aNovel Remaja a20240909134922 aJakartabBukunec2023 aIndonesia a808.83 avi, 430 hlm. :c19 cm. aTengah malam bagi kebanyakan orang adalah waktu terbaik untuk istirahat dan tidur lelap. Tapi untuk Serena Nighita, itu adalah waktu untuk mengisi hidup dan meratapi hubungannya dengan sang penyanyi terkenal. Jan Ichard. Popularitas membawa lelaki itu jauh darinya, Ichard di Jakarta, meninggalkan Sera di JogjaBagi Seram tengah malam selalu menakutkan atext